América latina en un mundo nuevo

Na minha lista:
Detalhes bibliográficos
Main Authors: Lowenthal, Abraham F. (autor), Treverton, Gregory F (Author)
Formato: Livro
Idioma:espanhol
Publicado em: Ciudad de México Fondo de Cultura Económica 1996
Colecção:Política y Derecho. Sección de Obras de Política y Derecho
Assuntos:
Tags: Adicionar Tag
Sem tags, seja o primeiro a adicionar uma tag!

MARC

LEADER 00000nam a2200000 a 4500
001 UCN2602
003 CL-VaPUC
008 010530e19960000MX |||||||||||||||||spa|d
082 0 4 |a 327.7308  |b LOW  |2 21 
100 |a Lowenthal, Abraham F.  |e autor  |9 458641 
700 0 |a Treverton, Gregory F  |e author  |9 458642 
245 1 0 |a América latina en un mundo nuevo 
300 |a 314 p 
942 |c BK 
945 |d 20010530 00:00:00  |a cmena 
260 |a Ciudad de México  |b Fondo de Cultura Económica  |c 1996 
650 0 |a Relaciones Internacionales  |9 255740 
650 0 |a Tratados internacionales   |9 256056 
650 0 |a Cambio social   |9 256857 
583 |a last modification  |c 20010530 00:00:00  |k Rodrigo Vera 
490 0 |a Política y Derecho. Sección de Obras de Política y Derecho 
999 |c 295656  |d 295654 
952 |0 0  |1 0  |4 0  |6 327_730800000000000_LOW_1996  |7 0  |8 A  |9 348953  |a BIBHIS  |b BIBHIS  |d 2019-11-20  |i 3730387  |o 327.7308 LOW 1996  |p 3730387  |r 2025-01-20  |w 2019-11-20  |y BK  |k HIS